[Event "Sparkassen-Open A"]
[Site "Heusenstamm, Martinsee"]
[Date "2021.11.19"]
[Round "3.73"]
[White "von Beckh, Frieda"]
[Black "Bittner, Peter"]
[Result "0-1"]
[WhiteElo "1508"]
[BlackElo "1862"]
[PlyCount "112"]
[EventDate "2021.??.??"]
[WhiteTeam "SK Bad Homburg"]
[BlackTeam "SC Nied"]

1. e4 c5 2. Nc3 Nc6 3. f4 d6 4. Nf3 Bg4 5. Bb5 a6 6. Bxc6+ bxc6 7. O-O Nf6 8.
f5 e5 9. fxe6 Bxe6 10. Qe2 Be7 11. e5 dxe5 12. Nxe5 Bd6 13. d3 Bxe5 14. Qxe5
Qd4+ 15. Qxd4 cxd4 16. Ne2 c5 17. Bf4 Nd5 18. Ng3 Kd7 19. Ne4 Rac8 20. Ng5 Rc6
21. Bd2 f6 22. Nxe6 Rxe6 23. Rae1 Rhe8 24. Kf2 f5 25. c4 Ne3 26. Bxe3 Rxe3 27.
Rxe3 Rxe3 28. Rd1 a5 29. b3 Kd6 30. a3 g5 31. Rd2 h5 32. h4 gxh4 33. Rd1 h3 34.
g3 Ke5 35. Rh1 Rxd3 36. Rxh3 Rxb3 37. Rxh5 Ke4 38. Rh4+ Kd3 39. Rf4 Kxc4 40.
Rxf5 Rxa3 41. g4 Ra2+ 42. Kf3 d3 43. g5 Ra1 44. Ke3 Re1+ 45. Kd2 Re2+ 46. Kd1
Rg2 47. Ke1 a4 48. Rf4+ Kb3 49. Rf5 c4 50. Kf1 Rg4 51. Kf2 a3 52. Kf3 d2 53.
Kxg4 d1=Q+ 54. Rf3+ Qxf3+ 55. Kxf3 a2 56. g6 a1=Q 0-1

[Event "Sparkassen-Open A"]
[Site "Heusenstamm, Martinsee"]
[Date "2021.11.19"]
[Round "3.74"]
[White "Margaryan, Susanna"]
[Black "Cors, Heinz-Friedrich"]
[Result "0-1"]
[WhiteElo "1517"]
[BlackElo "1858"]
[PlyCount "68"]
[EventDate "2021.??.??"]
[WhiteTeam "Elmshorner SC"]
[BlackTeam "Schachforum Darmstadt"]

1. d4 Nf6 2. Bf4 e6 3. Nf3 c5 4. e3 d5 5. c3 Nc6 6. Be2 Be7 7. O-O O-O 8. Nbd2
b6 9. a3 Bb7 10. b4 cxd4 11. cxd4 Nh5 12. Bg3 Nxg3 13. hxg3 Bf6 14. Nb3 a6 15.
Qd2 Qd6 16. Rfc1 Rfc8 17. Rc2 Rc7 18. Rac1 Rac8 19. a4 Be7 20. b5 Nb4 21. Rxc7
Rxc7 22. Rxc7 Qxc7 23. Qc1 Qxc1+ 24. Nxc1 a5 25. Ne5 f6 26. Ned3 Kf7 27. Nxb4
Bxb4 28. Kf1 Bc3 29. Na2 Bb2 30. Ke1 e5 31. dxe5 fxe5 32. Kd2 d4 33. Bf1 dxe3+
34. Kxe3 Bd5 0-1

[Event "Sparkassen-Open A"]
[Site "Heusenstamm, Martinsee"]
[Date "2021.11.19"]
[Round "3.75"]
[White "Huck, Robert"]
[Black "Schreidl, Michael"]
[Result "1-0"]
[WhiteElo "1851"]
[BlackElo "1598"]
[PlyCount "73"]
[EventDate "2021.??.??"]
[WhiteTeam "SC Königsspringer Alzenau"]
[BlackTeam "SK Frankenthal"]

1. e4 e5 2. Nf3 Nc6 3. Bb5 a6 4. Ba4 Nf6 5. O-O b5 6. Bb3 Be7 7. Re1 d6 8. c3
Bb7 9. d4 O-O 10. Nbd2 g6 11. Nf1 Re8 12. Ng3 Bf8 13. a4 Bg7 14. a5 Qd7 15. d5
Ne7 16. h3 c5 17. c4 Rec8 18. Be3 Rcb8 19. Qd2 Bc8 20. Rec1 b4 21. Nxe5 dxe5
22. Bxc5 Kh8 23. Bb6 Rxb6 24. axb6 Bf8 25. Qxb4 Rb8 26. Ba4 Qd8 27. c5 Nexd5
28. exd5 Nxd5 29. Qe4 Be6 30. Rd1 Bg7 31. Bb3 f5 32. Qd3 Qg8 33. Bxd5 e4 34.
Bxe6 Qxe6 35. Qd8+ Rxd8 36. Rxd8+ Bf8 37. b7 1-0

[Event "Sparkassen-Open A"]
[Site "Heusenstamm, Martinsee"]
[Date "2021.11.19"]
[Round "3.76"]
[White "Fröhlich-Dill, Astrid"]
[Black "Reuter, Klaus"]
[Result "1-0"]
[WhiteElo "1848"]
[BlackElo "1617"]
[PlyCount "91"]
[EventDate "2021.??.??"]
[WhiteTeam "SV Hofheim"]
[BlackTeam "SC Ober-Ramstadt"]

1. d4 e6 2. c4 c6 3. Nf3 h6 4. Nc3 Ne7 5. Bf4 d6 6. e3 Ng6 7. Bg3 Be7 8. Bd3
Nh4 9. Nxh4 Bxh4 10. Qg4 Bf6 11. Qf3 d5 12. O-O dxc4 13. Bxc4 O-O 14. Rad1 g6
15. Ne4 Bg7 16. Bd6 Re8 17. Be5 Re7 18. Nf6+ Kh8 19. Qh3 b5 20. Be2 Nd7 21. Ng4
Nxe5 22. dxe5 Qf8 23. Bf3 Bb7 24. Rd6 Rc7 25. Rfd1 Rac8 26. b4 Ba8 27. a3 Kg8
28. Qg3 c5 29. Bxa8 Rxa8 30. bxc5 Rxc5 31. Nf6+ Bxf6 32. exf6 Rac8 33. h3 Rc1
34. Rxc1 Rxc1+ 35. Kh2 Rc4 36. Ra6 h5 37. f4 Ra4 38. Rxa4 bxa4 39. e4 Kh7 40.
e5 Qb8 41. Qe3 Qb6 42. Qd2 Qc6 43. Qb4 Qe8 44. Qb7 g5 45. fxg5 Kg6 46. Qe4+ 1-0

[Event "Sparkassen-Open A"]
[Site "Heusenstamm, Martinsee"]
[Date "2021.11.20"]
[Round "4.1"]
[White "Schulze, Lara"]
[Black "Sumets, Andrey"]
[Result "0-1"]
[WhiteElo "2294"]
[BlackElo "2527"]
[PlyCount "62"]
[EventDate "2021.??.??"]
[WhiteTeam "SV Werder Bremen"]
[BlackTeam "SV Hofheim"]

{[%evp 0,41,17,15,73,66,72,63,67,34,61,34,41,40,35,17,28,3,0,-1,-9,-6,8,-7,-35,
-40,-51,-68,-84,-71,-81,-107,-104,-114,-47,-35,-67,-86,-161,-201,-116,-157,
-157,-157]} 1. e4 {[%emt 0:00:41]} c6 2. d4 d5 {[%emt 0:00:07]} 3. e5 Bf5 4. h4
Qc7 {[%emt 0:00:03]} 5. c4 {[%emt 0:01:30]} e6 {[%emt 0:00:36]} 6. Nc3 h6 {
[%emt 0:00:43]} 7. Nf3 {[%emt 0:06:52]} Ne7 {[%emt 0:04:03]} 8. Be2 {[%emt 0:
00:34]} dxc4 {[%emt 0:00:39]} 9. Bxc4 Nd7 {[%emt 0:00:29]} 10. O-O {[%emt 0:02:
10]} Bg4 {[%emt 0:10:24]} 11. Qd3 {[%emt 0:11:33]} Nb6 {[%emt 0:02:14]} 12. Nd2
{[%emt 0:09:37]} O-O-O {[%emt 0:15:48]} 13. f3 {[%emt 0:14:59]} Bf5 {[%emt 0:
05:49]} 14. Nde4 {[%emt 0:00:28]} Ng6 {[%emt 0:04:10]} 15. f4 {[%emt 0:05:20]}
Nxh4 {[%emt 0:02:30]} 16. Be3 {[%emt 0:04:53]} g5 {[%emt 0:06:46]} 17. Bb3 {
[%emt 0:09:33]} Nd5 {[%emt 0:04:54]} 18. Rac1 {[%emt 0:04:58]} Bxe4 {[%emt 0:
15:20]} 19. Qxe4 {[%emt 0:01:35]} Nxe3 {[%emt 0:00:20]} 20. Qxe3 Nf5 {[%emt 0:
00:28]} 21. Qf2 {[%emt 0:06:31]} Qb6 {[%emt 0:00:57]} 22. Ne2 {[%emt 0:02:46]}
Nxd4 {[%emt 0:00:13]} 23. Nxd4 {[%emt 0:00:23]} Rxd4 {[%emt 0:00:55]} 24. f5 {
[%emt 0:02:00]} Bc5 {[%emt 0:02:35]} 25. fxe6 {[%emt 0:01:16]} fxe6 {[%emt 0:
00:03]} 26. Bxe6+ Kb8 27. Bf7 {[%emt 0:03:09]} Rc4 {[%emt 0:07:26]} 28. Rxc4 {
[%emt 0:02:28]} Bxf2+ {[%emt 0:00:10]} 29. Rxf2 Rd8 {[%emt 0:00:35]} 30. Rc1 {
[%emt 0:00:11]} Qe3 {[%emt 0:00:38]} 31. Rcf1 {[%emt 0:00:27]} Qxe5 {[%emt 0:
00:36]} 0-1

[Event "Sparkassen-Open A"]
[Site "Heusenstamm, Martinsee"]
[Date "2021.11.20"]
[Round "4.2"]
[White "Hirneise, Jens"]
[Black "Krassowizkij, Jaroslaw"]
[Result "1-0"]
[WhiteElo "2284"]
[BlackElo "2458"]
[PlyCount "79"]
[EventDate "2021.??.??"]
[WhiteTeam "SC Böblingen"]
[BlackTeam "TSV Schönaich"]

{[%evp 0,18,15,15,15,15,15,17,21,3,4,10,10,10,20,39,23,17,10,5,18]} 1. e4 {
[%emt 0:01:16]} e5 2. Nf3 Nc6 3. Bb5 a6 4. Ba4 Nf6 5. d3 b5 {[%emt 0:00:05]} 6.
Bb3 {[%emt 0:00:10]} Be7 {[%emt 0:01:39]} 7. Nc3 {[%emt 0:01:43]} d6 {[%emt 0:
01:06]} 8. a3 {[%emt 0:03:11]} O-O {[%emt 0:04:22]} 9. Nd5 {[%emt 0:04:11]} Bg4
{[%emt 0:06:28]} 10. Nxf6+ {[%emt 0:06:53]} Bxf6 {[%emt 0:00:16]} 11. Bd5 Qd7 {
[%emt 0:01:40]} 12. h3 {[%emt 0:04:58]} Be6 {[%emt 0:00:52]} 13. Bxe6 {[%emt 0:
02:58]} Qxe6 14. O-O {[%emt 0:00:37]} d5 {[%emt 0:01:12]} 15. exd5 {[%emt 0:06:
35]} Qxd5 {[%emt 0:00:21]} 16. Bg5 {[%emt 0:09:19]} e4 {[%emt 0:06:34]} 17.
Bxf6 {[%emt 0:04:02]} exf3 {[%emt 0:00:11]} 18. Bc3 {[%emt 0:00:26]} fxg2 {
[%emt 0:02:27]} 19. Re1 {[%emt 0:00:30]} f5 {[%emt 0:24:40]} 20. Qh5 {[%emt 0:
04:48]} Rf7 {[%emt 0:00:26]} 21. Qg5 {[%emt 0:10:51]} Nd4 {[%emt 0:02:38]} 22.
Bxd4 {[%emt 0:00:50]} Qxd4 23. Qxg2 {[%emt 0:03:26]} Raf8 {[%emt 0:07:37]} 24.
Rab1 {[%emt 0:00:54]} g5 {[%emt 0:07:45]} 25. Re6 {[%emt 0:09:15]} g4 {[%emt 0:
05:13]} 26. Kf1 {[%emt 0:05:22]} Rg7 {[%emt 0:04:25]} 27. Rbe1 {[%emt 0:10:56]}
gxh3 {[%emt 0:04:06]} 28. Qxh3 {[%emt 0:00:07]} Qxb2 {[%emt 0:00:44]} 29. Re8 {
[%emt 0:00:58]} Qf6 {[%emt 0:01:54]} 30. Qf3 {[%emt 0:05:42]} Rxe8 {[%emt 0:06:
52]} 31. Rxe8+ {[%emt 0:00:18]} Kf7 32. Qa8 {[%emt 0:02:02]} Qa1+ {[%emt 0:03:
22]} 33. Ke2 {[%emt 0:01:12]} Qxa3 {[%emt 0:00:26]} 34. Re5 {[%emt 0:02:04]}
Qd6 {[%emt 0:06:17]} 35. d4 {[%emt 0:03:24]} Qd7 {[%emt 0:00:31]} 36. Qxa6 {
[%emt 0:00:49]} c6 {[%emt 0:00:30]} 37. d5 {[%emt 0:00:48]} cxd5 {[%emt 0:01:
33]} 38. Qa8 {[%emt 0:00:11]} Kf6 {[%emt 0:00:19]} 39. f4 {[%emt 0:00:39]} Re7
{[%emt 0:00:34]} 40. Qf8+ {[%emt 0:00:27]} 1-0

[Event "Sparkassen-Open A"]
[Site "Heusenstamm, Martinsee"]
[Date "2021.11.20"]
[Round "4.3"]
[White "Karsay, Pascal"]
[Black "Solonar, Stefan"]
[Result "0-1"]
[WhiteElo "2309"]
[BlackElo "2298"]
[PlyCount "150"]
[EventDate "2021.??.??"]
[WhiteTeam "SV Worms 1878"]
[BlackTeam "SC Heusenstamm"]

{[%evp 0,17,15,15,15,2,33,33,25,29,42,58,73,62,38,5,23,22,30,9]} 1. Nf3 {
[%emt 0:02:30]} Nf6 {[%emt 0:01:05]} 2. c4 d6 {[%emt 0:00:42]} 3. d4 {[%emt 0:
00:16]} Nbd7 {[%emt 0:00:55]} 4. Nc3 {[%emt 0:00:26]} g6 {[%emt 0:00:08]} 5. e4
{[%emt 0:00:32]} e5 {[%emt 0:00:39]} 6. h3 {[%emt 0:06:47]} Bg7 {[%emt 0:00:31]
} 7. Be3 {[%emt 0:02:22]} O-O {[%emt 0:01:24]} 8. d5 {[%emt 0:01:53]} Nc5 {
[%emt 0:00:03]} 9. Nd2 {[%emt 0:00:32]} a5 {[%emt 0:00:43]} 10. g4 {[%emt 0:00:
40]} c6 {[%emt 0:12:25]} 11. Rg1 {[%emt 0:08:48]} Bd7 {[%emt 0:03:41]} 12. Be2
{[%emt 0:05:27]} cxd5 {[%emt 0:02:54]} 13. cxd5 {[%emt 0:01:05]} a4 {[%emt 0:
00:48]} 14. a3 {[%emt 0:07:17]} Qb8 {[%emt 0:03:33]} 15. Bxc5 {[%emt 0:10:55]}
dxc5 {[%emt 0:00:30]} 16. Bb5 {[%emt 0:00:05]} Bxb5 {[%emt 0:01:37]} 17. Nxb5 {
[%emt 0:00:12]} Ra5 {[%emt 0:00:08]} 18. Qe2 {[%emt 0:01:49]} Qd8 {[%emt 0:04:
35]} 19. Rg3 {[%emt 0:09:35]} Bh6 {[%emt 0:06:11]} 20. g5 {[%emt 0:07:18]} Nh5
{[%emt 0:00:27]} 21. gxh6 {[%emt 0:03:20]} Nxg3 {[%emt 0:00:38]} 22. fxg3 Qb6
23. Nc4 {[%emt 0:05:25]} Qxb5 {[%emt 0:00:12]} 24. Nxa5 {[%emt 0:00:20]} Qxa5+
25. Qd2 {[%emt 0:00:16]} Qxd2+ {[%emt 0:07:22]} 26. Kxd2 {[%emt 0:00:04]} f5 {
[%emt 0:00:03]} 27. Ke3 {[%emt 0:05:58]} Kf7 {[%emt 0:00:59]} 28. exf5 {
[%emt 0:04:39]} gxf5 {[%emt 0:00:08]} 29. g4 {[%emt 0:00:39]} Ke7 {[%emt 0:12:
12]} 30. Rf1 {[%emt 0:01:07]} Rf6 {[%emt 0:07:23]} 31. Rxf5 {[%emt 0:10:04]}
Rxh6 {[%emt 0:00:31]} 32. Rxe5+ {[%emt 0:00:07]} Kd7 {[%emt 0:04:56]} 33. Ke4 {
[%emt 0:00:08]} Rxh3 {[%emt 0:00:07]} 34. Rf5 {[%emt 0:00:43]} Ke7 {[%emt 0:05:
19]} 35. Re5+ {[%emt 0:00:09]} Kd7 {[%emt 0:00:06]} 36. Rg5 {[%emt 0:00:49]}
Kd6 {[%emt 0:01:27]} 37. Rg7 {[%emt 0:00:38]} Rh4 {[%emt 0:01:12]} 38. Rxb7 {
[%emt 0:01:51]} Rxg4+ {[%emt 0:02:16]} 39. Kd3 {[%emt 0:01:21]} Rh4 {[%emt 0:
00:56]} 40. Rg7 {[%emt 0:02:09]} Kxd5 {[%emt 0:00:26]} 41. Rg5+ {[%emt 0:00:09]
} Kc6 {[%emt 0:00:09]} 42. Kc3 {[%emt 0:02:30]} Kb5 {[%emt 0:01:05]} 43. Rg8 {
[%emt 0:02:19]} Rh3+ {[%emt 0:00:18]} 44. Kc2 {[%emt 0:00:21]} h5 {[%emt 0:00:
43]} 45. Rf8 {[%emt 0:01:08]} Rh4 {[%emt 0:06:24]} 46. Kc3 {[%emt 0:00:15]}
Rc4+ {[%emt 0:00:32]} 47. Kd3 {[%emt 0:00:06]} Rd4+ {[%emt 0:00:03]} 48. Kc3 {
[%emt 0:00:07]} h4 {[%emt 0:00:58]} 49. Rf6 {[%emt 0:02:32]} Rg4 {[%emt 0:00:
49]} 50. Rh6 {[%emt 0:03:47]} Rg3+ {[%emt 0:01:23]} 51. Kc2 {[%emt 0:00:04]} h3
{[%emt 0:00:19]} 52. Rh4 {[%emt 0:00:19]} Rg2+ {[%emt 0:00:28]} 53. Kc3 {
[%emt 0:00:22]} h2 {[%emt 0:00:05]} 54. Rh6 {[%emt 0:00:15]} Ka5 {[%emt 0:01:
35]} 55. Kc4 {[%emt 0:08:30]} Rc2+ {[%emt 0:00:34]} 56. Kd3 {[%emt 0:00:42]}
Rxb2 {[%emt 0:00:06]} 57. Kc4 {[%emt 0:02:55]} Rc2+ {[%emt 0:06:31]} 58. Kd3
Ra2 59. Kc4 {[%emt 0:00:05]} Rxa3 {[%emt 0:00:49]} 60. Rxh2 {[%emt 0:00:03]}
Ra1 {[%emt 0:02:07]} 61. Kxc5 {[%emt 0:06:55]} Rc1+ 62. Kd4 {[%emt 0:00:13]} a3
{[%emt 0:00:16]} 63. Rh8 {[%emt 0:01:40]} Ka4 {[%emt 0:00:54]} 64. Ra8+ {
[%emt 0:00:22]} Kb3 {[%emt 0:00:06]} 65. Rb8+ {[%emt 0:00:12]} Kc2 {[%emt 0:00:
43]} 66. Ra8 {[%emt 0:02:48]} Rd1+ {[%emt 0:01:36]} 67. Kc4 {[%emt 0:00:36]}
Rd3 {[%emt 0:02:59]} 68. Rh8 {[%emt 0:04:13]} Rd2 {[%emt 0:00:41]} 69. Ra8 {
[%emt 0:00:04]} Kb2 {[%emt 0:00:08]} 70. Rb8+ {[%emt 0:00:14]} Kc1 {[%emt 0:01:
08]} 71. Ra8 {[%emt 0:02:20]} a2 {[%emt 0:01:22]} 72. Kc3 {[%emt 0:00:35]} Rg2
{[%emt 0:00:15]} 73. Ra7 {[%emt 0:00:18]} Rc2+ {[%emt 0:01:49]} 74. Kd3 {
[%emt 0:00:12]} Kb1 {[%emt 0:00:21]} 75. Ra8 {[%emt 0:00:46]} Rb2 {[%emt 0:00:
17]} 0-1

[Event "Sparkassen-Open A"]
[Site "Heusenstamm, Martinsee"]
[Date "2021.11.20"]
[Round "4.4"]
[White "Milov, Leonid"]
[Black "Deuer, Marius"]
[Result "1/2-1/2"]
[WhiteElo "2450"]
[BlackElo "2282"]
[PlyCount "147"]
[EventDate "2021.??.??"]
[WhiteTeam "SC Noris-Tarrasch Nürnberg"]
[BlackTeam "TG Biberach"]

{[%evp 0,9,15,23,72,67,67,31,39,28,41,31]} 1. e4 c6 2. d4 {[%emt 0:00:16]} d5 {
[%emt 0:00:21]} 3. Nd2 dxe4 {[%emt 0:00:18]} 4. Nxe4 Nf6 {[%emt 0:00:04]} 5.
Nxf6+ {[%emt 0:00:48]} exf6 {[%emt 0:00:17]} 6. c3 {[%emt 0:00:47]} Bd6 {
[%emt 0:00:23]} 7. Bd3 {[%emt 0:00:07]} O-O {[%emt 0:00:07]} 8. Qc2 {[%emt 0:
00:20]} Re8+ {[%emt 0:00:09]} 9. Ne2 {[%emt 0:00:04]} h5 {[%emt 0:00:35]} 10.
Be3 {[%emt 0:00:23]} Nd7 {[%emt 0:00:19]} 11. O-O-O Nf8 {[%emt 0:00:04]} 12.
Kb1 {[%emt 0:01:50]} Be6 {[%emt 0:00:23]} 13. c4 {[%emt 0:00:24]} Rc8 {[%emt 0:
00:06]} 14. a3 {[%emt 0:00:32]} Ng6 {[%emt 0:02:09]} 15. Nc3 {[%emt 0:09:34]}
Nf4 {[%emt 0:15:13]} 16. Bf1 {[%emt 0:17:44]} Qa5 {[%emt 0:13:21]} 17. Qd2 {
[%emt 0:03:37]} Ng6 {[%emt 0:01:06]} 18. Be2 {[%emt 0:17:26]} c5 {[%emt 0:15:
15]} 19. Nb5 {[%emt 0:05:22]} Qxd2 {[%emt 0:14:49]} 20. Rxd2 {[%emt 0:00:39]}
Bf4 {[%emt 0:00:09]} 21. Nxa7 {[%emt 0:10:29]} Rcd8 {[%emt 0:01:41]} 22. Nb5 {
[%emt 0:15:50]} Bf5+ {[%emt 0:04:47]} 23. Ka2 {[%emt 0:03:10]} Bxe3 {[%emt 0:
04:43]} 24. fxe3 {[%emt 0:00:28]} Rxe3 25. Bxh5 {[%emt 0:03:28]} Ne5 {[%emt 0:
06:28]} 26. b3 {[%emt 0:00:20]} Nd3 {[%emt 0:02:47]} 27. Rf1 {[%emt 0:03:31]}
g6 {[%emt 0:02:07]} 28. Bf3 {[%emt 0:01:23]} cxd4 {[%emt 0:01:26]} 29. Bd5 {
[%emt 0:02:24]} Nc5 {[%emt 0:05:28]} 30. Nxd4 {[%emt 0:00:20]} Be4 {[%emt 0:00:
14]} 31. Rfd1 {[%emt 0:02:25]} Bxd5 {[%emt 0:02:30]} 32. Nc2 {[%emt 0:00:58]}
Rc3 {[%emt 0:01:31]} 33. Nb4 {[%emt 0:00:38]} Nxb3 {[%emt 0:04:16]} 34. Nxd5 {
[%emt 0:01:11]} Nxd2 {[%emt 0:03:23]} 35. Nxc3 Rd4 {[%emt 0:00:17]} 36. Nb1 {
[%emt 0:01:08]} Nb3 {[%emt 0:00:42]} 37. Rxd4 {[%emt 0:00:12]} Nxd4 38. Kb2 {
[%emt 0:00:14]} Kf8 {[%emt 0:01:05]} 39. Kc3 {[%emt 0:00:22]} Nc6 {[%emt 0:00:
13]} 40. c5 {[%emt 0:01:08]} Ke7 {[%emt 0:00:30]} 41. Kc4 {[%emt 0:00:12]} Kd7
{[%emt 0:07:55]} 42. Nc3 {[%emt 0:02:20]} Ne5+ {[%emt 0:06:01]} 43. Kb5 {
[%emt 0:02:03]} f5 {[%emt 0:00:55]} 44. Nd5 {[%emt 0:05:44]} Ke6 {[%emt 0:03:
57]} 45. Nf4+ {[%emt 0:00:51]} Kd7 {[%emt 0:00:10]} 46. h4 {[%emt 0:00:58]} Kc7
{[%emt 0:02:57]} 47. a4 {[%emt 0:00:23]} Kd7 {[%emt 0:01:16]} 48. Nd5 {[%emt 0:
02:35]} Ke6 {[%emt 0:00:38]} 49. Nb4 {[%emt 0:01:42]} Kd7 {[%emt 0:00:54]} 50.
Kb6 {[%emt 0:01:31]} Kc8 {[%emt 0:00:27]} 51. Nd5 {[%emt 0:03:23]} Nd7+ {
[%emt 0:02:01]} 52. Kb5 {[%emt 0:00:18]} Ne5 53. a5 {[%emt 0:02:42]} Kd7 {
[%emt 0:00:25]} 54. g3 {[%emt 0:01:42]} Kc8 {[%emt 0:03:57]} 55. a6 {[%emt 0:
02:56]} Kb8 56. Ne7 {[%emt 0:04:58]} bxa6+ {[%emt 0:00:36]} 57. Kxa6 {[%emt 0:
00:18]} Kc7 58. Kb5 {[%emt 0:00:05]} Kd7 {[%emt 0:01:31]} 59. Nd5 {[%emt 0:00:
04]} Ke6 {[%emt 0:00:43]} 60. Ne3 {[%emt 0:01:40]} Kd7 {[%emt 0:03:39]} 61. Kb6
{[%emt 0:01:46]} f6 {[%emt 0:01:04]} 62. Kb7 {[%emt 0:02:03]} Nc6 {[%emt 0:00:
24]} 63. Nc4 {[%emt 0:00:51]} Nd8+ {[%emt 0:02:00]} 64. Kb6 {[%emt 0:00:19]}
Nc6 {[%emt 0:00:15]} 65. Na5 {[%emt 0:02:24]} Ne5 {[%emt 0:01:05]} 66. Kb7 {
[%emt 0:00:43]} g5 {[%emt 0:00:37]} 67. h5 {[%emt 0:00:21]} f4 {[%emt 0:00:20]}
68. gxf4 {[%emt 0:00:10]} gxf4 {[%emt 0:00:32]} 69. Nb3 {[%emt 0:00:40]} Ke7 {
[%emt 0:00:47]} 70. Nd4 {[%emt 0:00:41]} f3 {[%emt 0:00:44]} 71. Nxf3 {[%emt 0:
00:03]} Nxf3 72. c6 Nd4 {[%emt 0:00:22]} 73. c7 {[%emt 0:00:54]} Nb5 {[%emt 0:
00:31]} 74. c8=N+ {[%emt 0:00:04]} 1/2-1/2

[Event "Sparkassen-Open A"]
[Site "Heusenstamm, Martinsee"]
[Date "2021.11.20"]
[Round "4.5"]
[White "Poetsch, Hagen"]
[Black "Neukirchner, Pascal"]
[Result "1/2-1/2"]
[WhiteElo "2513"]
[BlackElo "2230"]
[PlyCount "78"]
[EventDate "2021.??.??"]
[WhiteTeam "SC Heusenstamm"]
[BlackTeam "SK Gründau"]

{[%evp 0,10,15,17,53,61,61,14,14,19,78,68,56]} 1. e4 {[%emt 0:00:03]} c5 {
[%emt 0:00:37]} 2. Nf3 Nc6 {[%emt 0:00:08]} 3. d4 {[%emt 0:00:14]} cxd4 4. Nxd4
{[%emt 0:00:03]} g6 {[%emt 0:00:08]} 5. Nc3 {[%emt 0:00:22]} Bg7 {[%emt 0:00:
25]} 6. Be3 {[%emt 0:00:06]} Nf6 {[%emt 0:00:06]} 7. Nxc6 {[%emt 0:00:05]} bxc6
{[%emt 0:00:20]} 8. e5 Nd5 {[%emt 0:00:48]} 9. Nxd5 {[%emt 0:00:18]} cxd5 10.
Qxd5 {[%emt 0:00:07]} Rb8 {[%emt 0:00:11]} 11. O-O-O {[%emt 0:00:46]} Bb7 {
[%emt 0:03:15]} 12. Qd2 {[%emt 0:00:51]} Bc6 {[%emt 0:03:29]} 13. Bd4 {[%emt 0:
03:41]} O-O {[%emt 0:02:28]} 14. h4 {[%emt 0:01:17]} Qc7 {[%emt 0:04:34]} 15.
f4 {[%emt 0:03:52]} Be4 {[%emt 0:14:23]} 16. Bd3 {[%emt 0:05:50]} Bxd3 {
[%emt 0:04:46]} 17. Qxd3 {[%emt 0:00:13]} Rfc8 {[%emt 0:00:07]} 18. Bc3 {
[%emt 0:14:44]} Qb7 {[%emt 0:09:22]} 19. h5 {[%emt 0:05:25]} Qxg2 {[%emt 0:05:
21]} 20. hxg6 {[%emt 0:02:54]} hxg6 {[%emt 0:01:38]} 21. Qxd7 {[%emt 0:06:22]}
e6 {[%emt 0:08:33]} 22. Qd3 {[%emt 0:11:18]} Qc6 {[%emt 0:03:48]} 23. a3 {
[%emt 0:05:08]} Qa4 {[%emt 0:01:25]} 24. Bb4 {[%emt 0:04:17]} a5 {[%emt 0:08:
44]} 25. b3 {[%emt 0:02:03]} Qb5 {[%emt 0:00:08]} 26. Bd6 {[%emt 0:06:52]} Qxb3
{[%emt 0:00:33]} 27. Bxb8 {[%emt 0:00:24]} Qxb8 {[%emt 0:00:07]} 28. Qd7 {
[%emt 0:09:10]} Qa8 {[%emt 0:06:39]} 29. Rh3 {[%emt 0:03:47]} Rxc2+ {[%emt 0:
03:48]} 30. Kxc2 {[%emt 0:01:08]} Qg2+ {[%emt 0:01:06]} 31. Rd2 {[%emt 0:10:29]
} Qxh3 {[%emt 0:00:13]} 32. Qd3 {[%emt 0:00:15]} Qh1 {[%emt 0:00:49]} 33. Kb3 {
[%emt 0:01:42]} Bf8 {[%emt 0:03:11]} 34. Ka4 {[%emt 0:00:44]} Qc6+ {[%emt 0:00:
29]} 35. Kxa5 {[%emt 0:00:38]} Qc5+ {[%emt 0:00:21]} 36. Ka4 {[%emt 0:00:58]}
Qa7+ {[%emt 0:00:22]} 37. Kb5 {[%emt 0:00:27]} Qc5+ {[%emt 0:00:26]} 38. Ka4 {
[%emt 0:00:04]} Qa7+ 39. Kb5 Qc5+ 1/2-1/2